Comunitats autònomes i governs locals / Conxa Aguirre... [et al]
ISBN:
84-505-6501-4
Descripción Física:
524 p. : gràf. ; 24 cm
Colección:
Biblioteca Prat de la Riba ; 6
Otros Autores:
Aguirre i Ferrer, Conxa
MARC
| LEADER | 00000nam a2200000Ia 4500 | ||
|---|---|---|---|
| 001 | 6302 | ||
| 008 | 160829s9999 xx 000 0 cat d | ||
| 020 | |a 84-505-6501-4 | ||
| 080 | |a M-2-73 | ||
| 245 | |a Comunitats autònomes i governs locals / Conxa Aguirre... [et al] | ||
| 260 | |a Barcelona : |b Diputació de Barcelona, DL 1987 | ||
| 300 | |a 524 p. : |b gràf. ; |c 24 cm | ||
| 490 | |a Biblioteca Prat de la Riba ; 6 | ||
| 590 | |a Un altre exemplar en castellà: M-2-74. | ||
| 590 | |a Recull de les intervencions de les Jornades sobre Comunitats Autònomes i Governs Locals | ||
| 650 | 0 | |a Administració local |z Espanya |9 37433 | |
| 650 | |a Autonomia |x Espanya |9 32563 | ||
| 650 | 0 | |a Finances autonòmiques |9 23147 | |
| 650 | |a Comunitats autònomes |9 36800 | ||
| 700 | |a Aguirre i Ferrer, Conxa |9 30625 | ||
| 710 | 1 | |a Barcelona (Catalunya : Província). |b Diputació |9 52408 | |
| 901 | |a Arxiu | ||
| 942 | |n 1 | ||
| 952 | |0 0 |1 0 |4 0 |6 M273 |7 1 |9 46035 |a Arxiu |b Arxiu |d 2016-12-01 |l 0 |o M-2-73 |p 6302 |r 2016-12-01 00:00:00 |w 2016-12-01 |y ARXIU | ||
| 999 | |c 49536 |d 49536 | ||